| 000 | 00773nam a2200265 4500 | ||
|---|---|---|---|
| 001 | 2031 | ||
| 010 | _a9789899221772 | ||
| 021 |
_aPT _b546040/25 |
||
| 090 | _a2031 | ||
| 100 | _a20260114d2025 bc|y0pory50030103ba | ||
| 101 | _apor | ||
| 102 | _aPT | ||
| 200 |
_aO lobo que gostava demasiado de doces _fChristine Beigel, Hervé Le Goff |
||
| 205 | _a1ª edição | ||
| 210 |
_aLisboa _cJacarandá _d2025 |
||
| 215 |
_a[23] p. _cil. _d24 cm |
||
| 225 | _aAs histórias da mãe galinha | ||
| 300 | _aBMB-Registado | ||
| 304 | _aTít. orig.: Le loup qui aimait trop les bonbons | ||
| 606 |
_9863 _aLiteratura Infantil |
||
| 675 |
_a087.5 _vBMB _zpor |
||
| 700 |
_aBeigel _bChristine _f1972- _92909 |
||
| 701 |
_aLe Goff _bHervé _f1971- _4070 _92910 |
||
| 801 |
_aPT _bBMB _gRPC |
||
| 990 | _cLIVROS | ||